000 00765nam a2200253Ia 4500
003 OSt
005 20220923224042.0
006 a|||||r|||| 00| 0
007 ta
008 220922b |||||||| |||| 00| 0 hin d
024 _a224,490
037 _cTextual
040 _aARTS
_cARTS
_bhin
041 _2hin
_ahin
082 _aO152,3NROx, N9
100 _aरूपायन, लीला
245 0 _aहमारी बात
246 _aHamārī bāta
260 _aइन्दौर
_b रूपायन हैरीटेज
_c1999
300 _a107पृ.
_ccm.
650 _aहिन्दी साहित्य
_9156264
942 _hO152,3NROx, N9
_cTEXL
_2CC
999 _c368896
_d368896